les films de Pio Marmaï - Statistiques

Statistiques générales
  • Ce quiz a été pris 10 fois
  • Le résultat moyen est 7 sur 17
Statistiques - réponses
personnage film % Correct
Albert le premier jour du reste de ta vie
86%
Porthos les 3 mousquetaires
86%
Salvador Dali Daaaaaali
71%
Loïc en corps
57%
Albert Laprade une année difficile
57%
Paul Rivière Yannick
57%
Jean Ce qui nous lie
43%
Antoine en liberté
43%
Philippe Tempête
43%
Gary moreau comment je suis devenu super-hero
29%
Timothée felicita
29%
Yann la fracture
29%
Alex L'attachement
29%
Roman Clementi mais vous êtes fous
29%
Thomas santa & cie
29%
Livio le roi soleil
14%
Pr. Bornec L'evenement
14%
Aucun quiz correspondant
Distribution des résultats
% des personnes avec chaque résultat
Percentile par nombre de réponses
Votre historique - résultats
Vous n’avez pas pris ce quiz